书目信息 |
| 题名: |
The theory of learning in games
|
|
| 作者: | 弗登博格 , 莱文 著 | |
| 分册: | ||
| 出版信息: | 北京 世界图书出版有限公司北京分公司 2019.08 |
|
| 页数: | xiv, 276页 | |
| 开本: | 24cm | |
| 丛书名: | 世界博弈论经典·经济与社会科学系列 | |
| 单 册: | ||
| 中图分类: | O225 | |
| 科图分类: | ||
| 主题词: | 博弈论--bo yi lun--学习理论 (心理学)--英文 | |
| 电子资源: | ||
| ISBN: | 978-7-5192-6462-8 | |
| 000 | 01198nam 2200313 450 | |
| 001 | 2061781352 | |
| 005 | 20201105170950.38 | |
| 010 | @a978-7-5192-6462-8@dCNY59.00 | |
| 100 | @a20191121d2019 em y0chiy50 ba | |
| 101 | 0 | @aeng |
| 102 | @aCN@b110000 | |
| 105 | @ay z 001yy | |
| 200 | 1 | @aThe theory of learning in games@fDrew Fudenberg, David K. Levine |
| 210 | @a北京@c世界图书出版有限公司北京分公司@d2019.08 | |
| 215 | @axiv, 276页@d24cm | |
| 225 | 2 | @a世界博弈论经典·经济与社会科学系列@Ashi jie bo yi lun jing dian · jing ji yu she hui ke xue xi lie@h第一辑 |
| 312 | @a中文题名取自版权页 | |
| 312 | @a英文题名取自版权页 | |
| 320 | @a有索引 | |
| 330 | @a本书针对经济学领域博弈理论中的均衡问题, 提出了相对传统理论的“另一种解释”, 其研究的具体模型为均衡理论提供了基础、方法。 | |
| 410 | 0 | @12001 @a世界博弈论经典·经济与社会科学系列@h第一辑 |
| 510 | 1 | @aCourse in game theory@zeng |
| 510 | 1 | @a博弈学习理论@zchi |
| 606 | 0 | @a博弈论@Abo yi lun@x学习理论 (心理学)@j英文 |
| 690 | @aO225@v5 | |
| 701 | 1 | @a弗登博格@Afu deng bo ge@g(Fudenberg, Drew)@4著 |
| 701 | 1 | @a莱文@Alai wen@g(Levine, David K.)@4著 |
| 801 | 0 | @aCN@b人天书店@c20201001 |
| 905 | @aZUCC@dO225@eF580 | |
| The theory of learning in games/Drew Fudenberg, David K. Levine.-北京:世界图书出版有限公司北京分公司,2019.08 |
| xiv, 276页;24cm.-(世界博弈论经典·经济与社会科学系列.第一辑) |
| ISBN 978-7-5192-6462-8:CNY59.00 |
| 本书针对经济学领域博弈理论中的均衡问题, 提出了相对传统理论的“另一种解释”, 其研究的具体模型为均衡理论提供了基础、方法。 |
| ● |
| 相关链接 |
|
|
|
正题名:The theory of learning in games
索取号:O225/F580
 
预约/预借
| 序号 | 登录号 | 条形码 | 馆藏地/架位号 | 状态 | 备注 |
| 1 | 1480084 | 214800848 | 自科库401/401自科库 48排3列4层/ [索取号:O225/F580] | 在馆 | |
| 2 | 1480085 | 214800857 | 自科库401/401自科库 48排3列4层/ [索取号:O225/F580] | 在馆 |